1032 1099 1971 1569 1758 1561 1021 1658 1158 1095 1760 1860 1712 1606 1749 1882 1532 1550 1221 1014 1162 1372 1507 1940 1578 1098 1832 1192 1518 1908 1586 1048 1771 1620 1717 1970 1209 1062 1371 1382 1037 1287 1438 1413 1277 1223 1110 1981 1870 1872 1235 1466 1182 1161 1531 1504 1024 1439 1269 1419 1172 1409 1914 1163 1991 1371 1877 1671 1365 1614 1377 1466 1908 1864 1756 1723 1926 1211 1523 1623 1410 1740 1831 1346 1243 1092 1076 1020 1462 1161 1167 1147 1016 1932 1734 1052 1548 1431 1203 BCNSPRNW ULIB Ver.6.0+V

เปลี่ยนเป็นภาษาไทย

Change to English
 แสดงรายละเอียดบรรณานุกรม
  กลับหน้าหลัก

Brief Record : Get Marc (ISO 2709) : E-mail record : QR code < ปิดหน้าต่าง
LEADER : 00000nam 2200000uu 4500
001    13399126463
003     ULIB
008    180918s2560||||th 000 0 tha d
020    ^a9786164456099^c250
040    ^aSongkhla Rajabhat University
060 04 ^aWA525^bจ647ก
100 0  ^aจารุวรรณ ธาดาเดช
245 10 ^aการวางแผนพัฒนาสุขภาพและการจัดการ /^cจารุวรรณ ธาดาเดช, ปิยธิดา ตรีเดช
250    ^aพิมพ์ครั้งที่ 2 (ฉบับปรับปรุง)
260    ^aกรุงเทพฯ :^bภาควิชาบริหารงานสาธารณสุข คณะสาธารณสุขศาสตร์ มหาวิทยาลัยมหิดล,^c2560
300    ^a232 หน้า
505 0  ^aสุขภาพ และระบบสุขภาพ -- การจัดการ -- การวางแผนพัฒนาสุขภาพ
650  7 ^aการบริหารสาธารณสุข
650  7 ^aสาธารณสุข^zไทย
650  7 ^aนโยบายสาธารณสุข^zไทย
700 0  ^aปิยธิดา ตรีเดช
945    ^p250^l0^i26675
945    ^p250^l0^i26674
999    ^aกัณชพร จุลอักษร
รายการนี้ยังไม่มีแท็ก
คุณยังไม่ได้ล็อกอิน คุณสามารถมีกิจกรรมร่วมกับเว็บไซต์ได้ แต่ต้องล็อกอินก่อน ::
  ล็อกอิน

รายการสื่อสารสนเทศ

ลำดับที่ ประเภท เลขเรียก/บาร์โค้ด สถานที่ สถานะ
1. หนังสือสำรอง
หนังสือสำรอง
WA525 จ647ก ฉ.1 
  Barcode: 26674
ห้องสมุดวิทยาเขตนครสวรรค์
►หนังสือทั่วไป:l:General Books
บนชั้น
2. วิทยาศาสตร์การแพทย์ และสุขภาพ
วิทยาศาสตร์การแพทย์ และสุขภาพ
WA525 จ647ก ฉ.2 
  Barcode: 26675
ห้องสมุดวิทยาเขตนครสวรรค์
►หนังสือทั่วไป:l:General Books
บนชั้น

รายการใกล้เคียง
    ผู้แต่ง [จารุวรรณ ธาดาเดช]

    หัวเรื่อง [การบริหารสาธารณสุข]

BibComment


ยังไม่เคยถูกคอมเมนท์

คอมเมนท์ทรัพยากรรายการนี้
  คอมเมนท์: การวางแผนพัฒนาสุ..


 Copyright 2026. Bcnsprnw @Library